| 000 | 00936nam a2200229 a 4500 | ||
|---|---|---|---|
| 001 | 1673 | ||
| 003 | CDMR | ||
| 005 | 20131128114201.0 | ||
| 008 | 130130s2005||||||||||||||||||||||||||||d | ||
| 020 | _a8449024080 | ||
| 040 |
_aCDMR _bcat _cCDMR |
||
| 110 | 2 |
_91253 _aUniversitat Autònoma de Barcelona _b -- Institut de la Comunicació |
|
| 240 | 1 | _aInforme de la comunicació a Catalunya | |
| 245 | 1 | 0 |
_aInforme de la comunicació a Catalunya 2003-2004 _cMaria Corominas Piulats, Miquel de Moragas Spà, Josep Àngel Guimerà i Orts (editors) |
| 260 |
_aBellaterra [etc.] _c2005 _bUniversitat Autònoma de Barcelona. Servei de Publicacions [etc.] |
||
| 490 | 0 |
_aAldea Global. _aDocuments _v2 |
|
| 700 | 1 |
_92139 _aCorominas, Maria |
|
| 700 | 1 |
_9475 _aMoragas Spà, Miquel de |
|
| 700 | 1 |
_93995 _aGuimerà i Orts, Josep Àngel _eeds. |
|
| 710 | 2 |
_91253 _aUniversitat Autònoma de Barcelona _b -- Institut de la Comunicació |
|
| 942 |
_cMON _2udc |
||
| 999 |
_c1673 _d1673 |
||